| 000 | 00596nam a2200205 a 4500 | ||
|---|---|---|---|
| 005 | 20230303063620.0 | ||
| 008 | 030402s2001 mx r 000 0 spa d | ||
| 020 | _a8477388504 | ||
| 035 | _aUPN01000123550 | ||
| 049 | _aCG | ||
| 050 | 4 |
_aRC556 _bC3.6 |
|
| 100 | 1 |
_aCáceres Carrasco, José _936345 |
|
| 245 | 1 | 0 |
_aParafilias y violación / _cJosé Cáceres Carrasco. |
| 260 |
_aMadrid : _bSíntesis, _c[2001]. |
||
| 300 | _a175 P. | ||
| 440 | 0 |
_aPsicología clínica. _pGuías de intervención ; _v6 |
|
| 650 | 4 |
_aTRASTORNOS SEXUALES _912688 |
|
| 650 | 7 |
_aViolación _2 _92291 |
|
| 905 | _aLibro | ||
| 999 |
_c95730 _d95730 |
||